100 obras 200 años. Legado Bicentenario. +obras +patrimonio +cultura 2010-2014.
Sparad:
| Institutionell upphovsman: | |
|---|---|
| Övriga upphovsmän: | , , |
| Materialtyp: | Bok |
| Publicerad: |
Santiago, Chile:
QUAD/GRAPHICS,
2013.
|
| Upplaga: | 1ª edición |
| Serie: | Colección Memoria Presidencial
|
| Ämnen: | |
| Taggar: |
Lägg till en tagg
Inga taggar, Lägg till första taggen!
|
MARC
| LEADER | 00000nam a22000007a 4500 | ||
|---|---|---|---|
| 003 | CL-VaPUC | ||
| 005 | 20230505090037.0 | ||
| 008 | 230124t2013 ||||| |||| 00| 0 eng d | ||
| 999 | |c 439942 |d 439940 | ||
| 020 | |a 978-956-7892-33-4 | ||
| 040 | |c Pontificia Universidad Católica de Valparaíso | ||
| 082 | 0 | 4 | |2 22 |a 306.0983 PRE 2013 |
| 110 | 1 | |a Presidencia de la República |9 880092 |e autor | |
| 245 | 1 | 0 | |a 100 obras 200 años. |b Legado Bicentenario. +obras +patrimonio +cultura 2010-2014. |
| 250 | |a 1ª edición | ||
| 260 | |a Santiago, Chile: |b QUAD/GRAPHICS, |c 2013. | ||
| 300 | |a 461 páginas; ilustraciones | ||
| 490 | 0 | |a Colección Memoria Presidencial | |
| 583 | |c 20230124 |k Catalogador Asistente | ||
| 610 | |a Programa Legado Bicentenario |z Chile |9 880175 | ||
| 610 | |a Bicentenario |x Chile |y 2010 |9 880176 | ||
| 650 | 1 | |a Independencia de Chile |x Aniversarios |9 880177 | |
| 650 | 1 | |a Patrimonio cultural de Chile |9 880178 | |
| 700 | |a Letelier, María Teresa |e coordinadora |9 880179 | ||
| 700 | |a Valdés, Carolina |e coordinadora |9 880180 | ||
| 700 | |a Toledo, Eduardo |e ilustraciones |9 880182 | ||
| 942 | |2 ddc |c BK | ||
| 952 | |0 0 |1 0 |2 ddc |4 0 |6 306_098300000000000_PRE_2013 |7 0 |8 A |9 588690 |a BIBARQ |b BIBARQ |d 2023-01-24 |e Donación |i 5656464 |o 306.0983 PRE 2013 |p 5656464 |r 2025-01-20 |t 1 |w 2023-01-24 |y BK |k ARQ | ||